Werenoi Sons - Statistiques

Statistiques générales
  • Ce quiz a été pris 637 fois
  • Le résultat moyen est 9 sur 23
Statistiques - réponses
Paroles Sons % Correct
Et puis les stars, c'est dans l'ciel, j'suis qu'en présidentielleC’est pas la vie Insta, si j't'aime bien, c'est à l’instinct Chemin d'or
68%
Elle veut sac Goyard, elle veut plus Louis Vuitton, elle est parti voir ailleurs quand t'as pris huit ans Tu connais
68%
T'es même prêt à fumer ton reuf C'est soit la mosquée ou l'hôtel Jamal
66%
Ils feront tout pour m'ressembler, ils ont pas peur pour leur santé Moi, j'suis sous béret, vodka, pas sous lean All Eyes On Me
62%
J'suis sous lead, si tu m'aimes, aime-moi fort Tu veux le feat, j'suis dans le club, tu parles trop fort Laboratoire
55%
Pas très bavard, tu l'sais ce que ça sous-entend Ceux qui se taisent disent plus que ceux qui parlent tout l'temps Solitaire
54%
Tous c'qu'on veut, c'est la piscine à débordement En gros, finir millionnaire 10.03.2023
51%
Ils ont la haine, haine, on va les allumer Si y a des grosses peines, baveux va les annuler 16.02.2024
45%
Compte les talles, j′ai la flemmе, avec un fеr sur la tempeAprès la pluie, y a l'orage, après l′sommet, y a la pente C63
45%
L'alcool, j'le dilateJ'suis le cœur de Claude François Sous l'défibrillateur Ordinateur
43%
Mais ces bâtards t'aiment seulement quand tu finis par terre Ils nous aiment bien seulement quand on finit par s'taire Chemin de Diamant
40%
T'as même pas d'FAFS, on tourne dans la zone, on tourne dans la villeElle est bonne, elle fait des FAFS, j'lui fais la bise Photo
40%
Si tu sais pas d'où vient la maladie, c'est que t'es la bactérie20 000 euros et j'te fais disparaître comme le BlackBerry Téléphérique
38%
C'est nos tres-mon qui donnent l'heure, négro, c'est plus la faim, très concentré mais depuis l'début ça pue la fin La Famine
31%
Beaucoup de haine, très peu d'orgueil, je recule plus Comme les deux M que j'ai coffrés, je les calcule plus Colisée
30%
Elle a du vice, elle a vu l'monstre Elle a une montre, elle m'demande l'heure Rude Boy
28%
On n'est pas innocent, tu le sais, on a ça dans le sang Le meilleur, c'est pas celui qui nage, c'est celui qui brasse Diamant Noir
25%
Sur la toile comme une araignée Pétard dans la main, deux sous l'oreiller En Pétard
25%
J'te montre que j'suis comme toi, mais tu m'guettes comme si j'marchais sur l'eau Vulgaire
25%
On l'a pas cherché, ça nous est tombé dessus, j'suis pas influenceur Boussole
24%
Les rumeurs, c'est comme les chibres, elles sonttoujours dans la bouche des petites salopes Picasso
24%
J'ai pas beaucoup d'amis, beaucoup d'faux ont joué le bon rôle La confiance empêche pas le contrôle Tucibi
22%
J'te laisse des marques pour que tu t'en souviennes C'est trente points le prix des acouphènes L'Or et la Pierre
19%
Aucun quiz correspondant
Distribution des résultats
% des personnes avec chaque résultat
Percentile par nombre de réponses
Votre historique - résultats
Vous n’avez pas pris ce quiz